000 00379nam a2200157Ia 4500
008 130318s9999 xx 000 0 und d
020 _a8120307801
082 _a004.65 BER/D
100 _aBertsekas, Dimitri
245 _aData networks
250 _a2
260 _bPHI Learning
_aNew Delhi
_c2000
300 _a556
650 _aCOMPUTER NETWORKS
700 _aGallarget, Robert
999 _c387
_d387